[Event "IV Cto España Selecciones Autonómicas"]
[Site "Villava - Navarra"]
[Date "2009.05.02"]
[Round "4.3"]
[White "Gonzalez Martinez, Miguel Angel"]
[Black "Garcia Moral Garcia, Jose Danie"]
[Result "1/2-1/2"]
[WhiteElo "1971"]
[BlackElo "2324"]
[PlyCount "45"]
[EventDate "2009.??.??"]
[EventRounds "6"]
[EventCountry "ESP"]
[SourceDate "2009.05.02"]
[WhiteTeam "Rioja"]
[BlackTeam "Castilla la Mancha"]

1. d4 Nf6 2. Nf3 g6 3. g3 Bg7 4. Bg2 O-O 5. O-O d6 6. c4 Nbd7 7. Nc3 e5 8. e4
a6 9. dxe5 dxe5 10. Qe2 c6 11. b3 Re8 12. Rd1 Qc7 13. h3 b5 14. cxb5 axb5 15.
Qc2 Qb8 16. Be3 Bf8 17. Ne2 Ra6 18. Ne1 Nh5 19. a4 Qa8 20. Nd3 Qb8 21. a5 Qa8
22. b4 Ng7 23. Qc3 1/2-1/2

[Event "IV Cto España Selecciones Autonómicas"]
[Site "Villava - Navarra"]
[Date "2009.05.02"]
[Round "4.4"]
[White "Fernandez Barrera, Victor"]
[Black "Ocon Galilea, Francisco Jose"]
[Result "1-0"]
[WhiteElo "2318"]
[BlackElo "1968"]
[PlyCount "81"]
[EventDate "2009.??.??"]
[EventRounds "6"]
[EventCountry "ESP"]
[SourceDate "2009.05.02"]

1. e4 e6 2. d4 d5 3. Nc3 Nf6 4. Bg5 Bb4 5. e5 h6 6. Bd2 Bxc3 7. bxc3 Ne4 8. Qg4
g6 9. Bd3 Nxd2 10. Kxd2 c5 11. Nf3 Bd7 12. Rhb1 Bc6 13. Qf4 Qe7 14. a4 c4 15.
Be2 Nd7 16. h4 O-O-O 17. g4 Rdg8 18. g5 h5 19. a5 Kc7 20. Ke1 Rb8 21. Nd2 Rhf8
22. Rb4 Rfc8 23. Bf3 Kd8 24. Nf1 Kc7 25. Ne3 Kd8 26. Rab1 Ke8 27. Ng2 Kd8 28.
Qc1 Kc7 29. Nf4 Rh8 30. Ke2 Kd8 31. Qh1 Rf8 32. Kd2 Ke8 33. Nxd5 exd5 34. Bxd5
Bxd5 35. Qxd5 Qe6 36. Qe4 b6 37. d5 Qg4 38. f4 Kd8 39. Rxc4 Re8 40. e6 Nc5 41.
Rxc5 1-0

[Event "IV Cto España Selecciones Autonómicas"]
[Site "Villava - Navarra"]
[Date "2009.05.02"]
[Round "4.6"]
[White "Gonzalez Berruga, Ana Isabel"]
[Black "Gonzalez Santamartina, Jorge"]
[Result "1-0"]
[WhiteElo "2050"]
[BlackElo "1801"]
[PlyCount "57"]
[EventDate "2009.??.??"]
[EventRounds "6"]
[EventCountry "ESP"]
[SourceDate "2009.05.02"]

1. d4 d5 2. c4 e6 3. Nc3 Nf6 4. Bg5 Be7 5. e3 Nbd7 6. Nf3 O-O 7. Qc2 dxc4 8.
Bxc4 a6 9. a4 Nb6 10. Bd3 h6 11. Bxf6 Bxf6 12. Rc1 c6 13. O-O Nd5 14. Qe2 Bd7
15. Ne4 Be7 16. Ne5 Nf6 17. Ng3 Bd6 18. f4 Bxe5 19. dxe5 Nd5 20. e4 Nc7 21. f5
f6 22. exf6 Rxf6 23. e5 Rf7 24. f6 Qf8 25. Qe4 gxf6 26. Rxf6 Qg7 27. Rg6 Raf8
28. Rxg7+ Rxg7 29. Nh5 1-0

[Event "IV Cto España Selecciones Autonómicas"]
[Site "Villava - Navarra"]
[Date "2009.05.02"]
[Round "4.1"]
[White "Fernandez Molina, Victor"]
[Black "Veganzones Rojo, David"]
[Result "0-1"]
[WhiteElo "1906"]
[BlackElo "2103"]
[PlyCount "114"]
[EventDate "2009.??.??"]
[EventRounds "6"]
[EventCountry "ESP"]
[SourceDate "2009.05.02"]
[WhiteTeam "Melilla"]
[BlackTeam "Castilla y Leon"]

1. Nf3 d5 2. d4 Nf6 3. e3 c6 4. Nbd2 a6 5. Bd3 Bg4 6. O-O e6 7. b3 c5 8. Bb2
Nc6 9. a3 Rc8 10. Rc1 cxd4 11. exd4 Be7 12. c3 Bh5 13. Qc2 Bg6 14. Rfe1 Bxd3
15. Qxd3 O-O 16. Ne5 Nxe5 17. dxe5 Nd7 18. c4 Nc5 19. Qf3 dxc4 20. Nxc4 Nd3 21.
Red1 Nxc1 22. Rxd8 Rfxd8 23. h3 b5 24. Na5 Nd3 25. Nc6 Rxc6 26. Qxc6 Nxb2 27.
Qc7 Kf8 28. Qc2 Bxa3 29. Qxh7 g6 30. Qh8+ Ke7 31. Qf6+ Ke8 32. g4 Nd3 33. Qf3
Rd5 34. h4 Bc5 35. h5 Nxe5 36. Qe4 gxh5 37. gxh5 Nd7 38. h6 Nf6 39. Qf4 Rf5 40.
Qb8+ Ke7 41. Qb7+ Nd7 42. h7 Bxf2+ 43. Kg2 Bd4 44. Qxa6 Rg5+ 45. Kf3 Rh5 46.
Kg4 Rxh7 47. Qxb5 f5+ 48. Kf3 Be5 49. b4 Rh3+ 50. Kg2 Rg3+ 51. Kf2 Bd6 52. Qa5
Rb3 53. b5 Bc5+ 54. Ke2 f4 55. Kd1 f3 56. Qa4 Rb4 57. Qa8 f2 0-1

[Event "IV Cto España Selecciones Autonómicas"]
[Site "Villava - Navarra"]
[Date "2009.05.02"]
[Round "4.2"]
[White "Garcia Rodriguez, Juan Carlos"]
[Black "Diaz Sanchez, Jose Francisco"]
[Result "1-0"]
[WhiteElo "2017"]
[BlackElo "1952"]
[PlyCount "63"]
[EventDate "2009.??.??"]
[EventRounds "6"]
[EventCountry "ESP"]
[SourceDate "2009.05.02"]

1. d4 d5 2. Nf3 Nf6 3. Bf4 e6 4. e3 Bd6 5. Ne5 O-O 6. Nd2 c5 7. c3 Qc7 8. Bd3
Nc6 9. Ndf3 Ne4 10. O-O f6 11. Nxc6 Qxc6 12. Bg3 Bd7 13. Rc1 Nxg3 14. hxg3 e5
15. dxe5 fxe5 16. Bb5 Qxb5 17. Qxd5+ Kh8 18. Qxd6 e4 19. Ne5 Bf5 20. g4 Bg6 21.
Nxg6+ hxg6 22. Qxg6 Qxb2 23. Qxe4 Rxf2 24. Rb1 Rxf1+ 25. Rxf1 Qxc3 26. g5 Qb4
27. Qf5 g6 28. Qxg6 Qc3 29. Qh6+ Kg8 30. Qe6+ Kh8 31. g6 Rd8 32. Qh3+ 1-0

[Event "IV Cto España Selecciones Autonómicas"]
[Site "Villava - Navarra"]
[Date "2009.05.02"]
[Round "4.3"]
[White "Javaloy Guerrero, Manuel"]
[Black "Gete Rodriguez, Isidro"]
[Result "1/2-1/2"]
[WhiteElo "1825"]
[BlackElo "1980"]
[PlyCount "38"]
[EventDate "2009.??.??"]
[EventRounds "6"]
[EventCountry "ESP"]
[SourceDate "2009.05.02"]

1. e4 e5 2. Nf3 Nc6 3. Bb5 f5 4. Nc3 Nd4 5. O-O Nxb5 6. Nxb5 c6 7. Nc3 d6 8. d4
fxe4 9. Nxe4 c5 10. Bg5 Be7 11. Nxe5 Bf5 12. Bxe7 Nxe7 13. Ng3 O-O 14. Nxf5
Nxf5 15. c3 Qg5 16. Qg4 Qd2 17. Nd7 Rf7 18. Ne5 Rff8 19. Nd7 Rf7 1/2-1/2

[Event "IV Cto España Selecciones Autonómicas"]
[Site "Villava - Navarra"]
[Date "2009.05.02"]
[Round "4.4"]
[White "De La Cruz Revilla, Miguel"]
[Black "Alsina Lopez, Adolfo"]
[Result "1-0"]
[WhiteElo "1907"]
[BlackElo "1658"]
[PlyCount "47"]
[EventDate "2009.??.??"]
[EventRounds "6"]
[EventCountry "ESP"]
[SourceDate "2009.05.02"]

1. e4 e6 2. d4 d5 3. e5 c5 4. c3 Nc6 5. Nf3 Qb6 6. a3 a5 7. Be2 g6 8. O-O cxd4
9. cxd4 Bg7 10. Nc3 Nge7 11. Bg5 O-O 12. Qd2 Bd7 13. Bf6 Nf5 14. Rfd1 Na7 15.
g4 Nh6 16. Ne1 Bb5 17. Nxb5 Nxb5 18. Bg5 Nxd4 19. Qxd4 Qxd4 20. Rxd4 Bxe5 21.
Rd2 Bg7 22. Rc1 f6 23. Be3 Rac8 24. Rdc2 1-0